000 00661nam a22002417a 4500
003 UA-OsUOA
001 121901
007 ta
008 20170404b un ||||| |||| 00| 0 ukr d
100 _aКронін А.
090 _a821.161.2
_bК83
942 _cBK
040 _aUA-OsUOA
_bukr
_cUA-OsUOA
_dUA-OsUOA
245 _aМогила хрестоносця
_bроман
300 _a380 с.
955 _a3
041 _aukr
080 _a821.161.2
591 _aДімаров А.
260 _aК.
_bРадянський письменник
_c1960
650 7 _a82 Література. Літературознавство
_2UDC
999 _c408091
_d408091